| 000 | 00585nam a2200229Ia 4500 | ||
|---|---|---|---|
| 003 | OSt | ||
| 005 | 20220928141730.0 | ||
| 006 | a|||||r|||| 00| 0 | ||
| 007 | ta | ||
| 008 | 220927b |||||||| |||| 00| 0 eng d | ||
| 024 | _a17280 | ||
| 037 | _cTextual | ||
| 040 |
_aSDCL _cSDCL _beng |
||
| 041 |
_2eng _aeng |
||
| 082 | _aX:86.2'P, P2 | ||
| 100 |
_aSinghal H K Ed. _9501942 |
||
| 245 | 0 |
_aEffective project management _b Concepts and cases |
|
| 250 | _a3 | ||
| 260 | _c2002 | ||
| 942 |
_hX:86.2'P, P2 _cTEXL _2CC |
||
| 999 |
_c819601 _d819601 |
||